000 00574nam a2200181Ia 4500
008 090124s9999 xx 000 0 und d
082 _b28856
100 _aकुलकर्णी पद्मा
245 _a सूक्ष्मा
250 _a1
260 _b"मनमोहिनी प्रकाशन, पुणे"
_c1990
300 _a190
600 _aकुलकर्णी पद्मा
630 _a सूक्ष्मा
700 _aकुलकर्णी पद्मा
730 _a सूक्ष्मा
942 _cBOOK
999 _c95951
_d95951